The Complete Sherlock Holmes - Most Common Words Quiz Stats

 Plays Quiz Updated Jan 5, 2019

Support Sporcle.
Go Orange.
Score 0/300 Timer 15:00
2 Plays Today
Count Word % Correct
15,672A
96.5%
16,672I
95.4%
36,035The
95.3%
10,200He
90.2%
2,026She
88.9%
2,275An
87.7%
991Watson
85.8%
4,058We
83%
10,721In
82.4%
1,575Do
81.9%
3,531Be
80.3%
2,915Holmes
79.6%
17,452And
79.5%
9,387You
79.3%
15,702To
79.3%
2,756No
78.5%
2,753On
78.5%
6,635Is
78.2%
5,284My
78%
10,589It
76.7%
407Sherlock
76.6%
2,226Her
76%
3,684Me
75.2%
16,706Of
74.4%
585Go
74.4%
2,476So
72.2%
1,574They
71.5%
1,881When
70.6%
757Where
69.1%
3,694Not
68.5%
4,694For
68.3%
1,370Can
67.7%
2,292What
67.5%
306Dr
67%
1,680Who
66.6%
2,120Are
65.8%
554Why
65.7%
7,823His
65.5%
2,102Man
64.9%
2,250Your
64.1%
3,226There
63.8%
940How
63.5%
9,824Was
63.2%
11,188That
62.9%
4,743As
61.9%
2,514One
61.7%
5,528Have
60.9%
1,893Could
60.7%
1,734Mr
60.6%
758Their
60.2%
2,335Were
60.1%
2,052If
59.7%
1,355See
59.5%
4,623At
59.4%
3,255Him
59.4%
975Two
58.3%
382Woman
58.3%
410Street
58.2%
449Too
58.1%
1,813Will
57.5%
2,193Would
57.5%
1,740Then
57.4%
1,641Up
57.4%
3,517This
57.3%
1,009Am
57.1%
305Mrs
57%
4,082But
56.3%
1,233Them
55.5%
481Day
55.4%
6,046Had
55.2%
2,909From
54.7%
1,003Did
54.7%
1,245Should
54.6%
1,510Us
54.2%
433Three
53.6%
2,385All
53.4%
642Yes
53.4%
1,709Our
53.1%
427Ever
53.1%
1,836Out
52.7%
3,096Said
52.7%
1,685Has
52.4%
1,323Or
51.6%
739Say
51.3%
637Night
50.2%
1,230Down
49.2%
2,224By
49.1%
325Under
48.9%
1,063Over
48.7%
5,245With
48.6%
819House
48.3%
1,760Some
48.1%
964Time
46.9%
365London
46.4%
331Went
45.4%
883Think
45.3%
580Saw
45.1%
677Good
44.9%
466Off
44.9%
458Its
44.8%
Count Word % Correct
399It's
44.8%
425Look
44.5%
2,399Been
44.3%
336Though
44.3%
349Dear
44.2%
1,068Come
44.2%
485Every
43.6%
295Miss
43.5%
961Here
43.3%
1,050Know
43.2%
622Like
43.1%
246Hear
43.1%
330Men
42.8%
234Dead
42.4%
294Police
42.3%
248Does
42.2%
669After
42%
872Than
41.9%
767Never
41.8%
294Gone
41.6%
933Any
41.6%
1,354Now
41.2%
557Get
41.1%
1,244More
40.8%
594Just
40.5%
412Those
40.5%
365Even
40.1%
1,462Into
40.1%
466Let
40.1%
534Take
39.6%
702Case
39.2%
425Right
39%
467Done
38.9%
1,154May
38.9%
1,065Before
38.8%
411Got
38.7%
552Thought
38.6%
465Don't
38.5%
643These
38.5%
351Lady
38.3%
279Death
38%
460Give
37.6%
745Door
36.6%
708Hand
36.6%
419Seen
36.2%
653Shall
36.1%
890Came
36.1%
234Lestrade
35.8%
4,267Which
35.8%
1,964Very
35.5%
518Find
35.5%
580Left
35.4%
921Must
35.4%
578Most
35.4%
1,475Well
34.5%
627Old
34.5%
316Thing
34.4%
279Many
34.2%
469Took
34%
402Light
33.9%
1,066About
33.9%
290Dark
33.8%
701Might
33.7%
263Black
33.6%
589Heard
33.4%
270Cannot
33.3%
380Knew
33.3%
527Make
33.2%
582Through
32.9%
633Tell
32.7%
1,008Sir
32.4%
634First
31.9%
827Way
31.7%
253Inspector
31.7%
261I'll
31.7%
426Put
31.7%
289Gave
31.4%
404Without
31.3%
812Room
31.3%
643Eyes
31.1%
621Much
30.9%
1,077Only
30.5%
642Found
30.2%
439Head
30.1%
854Back
30%
646Made
29.9%
737Nothing
29.9%
743Last
29.7%
497Great
29.7%
261Ask
29.6%
355Told
29%
502Morning
28.8%
515Friend
28.5%
433Something
28.3%
310Always
28.2%
303Word
27.9%
458Window
27.9%
294Evening
27.6%
1,034Little
27.6%
403Looked
27.3%
Count Word % Correct
868Other
27.2%
534Away
27.2%
419Life
26.7%
904Face
26.6%
425Small
26.6%
406Place
26.6%
399Far
26.5%
257Read
26.5%
522Again
26.4%
564Yet
26.1%
301Also
26%
286Being
26%
258Hour
25.7%
636Long
25.5%
556Once
25.5%
375End
25.5%
463Young
25.3%
277Whom
25.2%
400Mind
24.9%
261Better
24.6%
318While
24.4%
242Days
24.4%
253Chair
24.3%
295Help
24.3%
435Hands
24.3%
415Quite
24.3%
278Wife
24%
2,585Upon
24%
516Asked
23.7%
293Sat
23.5%
287Leave
23.5%
335Anything
23.1%
250Oh
23.1%
295Paper
22.9%
410Myself
22.8%
457Until
22.1%
230Heart
22.1%
401Few
22%
275Taken
21.9%
388Side
21.8%
548However
21.7%
316Work
21.4%
327Open
21.1%
307Behind
20.8%
682Such
20.8%
350Between
20.7%
251Really
20.6%
502Himself
20.5%
256Another
20.3%
257Each
20.2%
231Front
20.1%
273Table
19.9%
736Own
19.8%
251Words
19.8%
230Hope
19.7%
380Against
19.5%
466Still
19.5%
310Years
19.4%
292Stood
18.4%
418Same
18.3%
296Sure
18%
290Both
17.7%
232Among
17.5%
294Together
17.4%
322Since
17.2%
235Set
17.2%
501Cried
17.1%
282Within
17.1%
506Round
17%
303Lay
16.4%
423Name
16.2%
371Course
16%
250Having
16%
293Brought
15.7%
382Seemed
15.3%
320Rather
15.1%
316Whole
15.1%
260Across
15.1%
251Understand
15.1%
315Answered
14.9%
249Papers
14.8%
269Perhaps
14.8%
264Strange
14.4%
285Fellow
14.2%
313Moment
14.1%
357Clear
14%
283Already
13.9%
243Possible
13.2%
258Indeed
13.1%
398Enough
12.9%
331Certainly
12.9%
245Half
12.4%
583Matter
12.1%
348Doubt
12%
280Point
11.6%
390Turned
11.4%
278Passed
11.3%
299Business
11.2%
291Instant
11%
300Hardly
9.4%

You're not logged in!

Compare scores with friends on all Sporcle quizzes.
OR
Log In

From the Vault

Movie Posters III

by SporcleAdmin

It's never a good sign when the poster is more memorable than the movie.
Remove Ads.
Support Sporcle.
Get the best of Sporcle when you Go Orange. This ad-free experience offers more features, more stats, and more fun while also helping to support Sporcle. Thank you for becoming a member.

Show Comments

Extras

Top Quizzes Today


Score Distribution

Your Account Isn't Verified!

In order to create a playlist on Sporcle, you need to verify the email address you used during registration. Go to your Sporcle Settings to finish the process.

Report this User

Report this user for behavior that violates our Community Guidelines.

Details: